| 000 | 00426nam a2200157Ia 4500 | ||
|---|---|---|---|
| 005 | 20250508160002.0 | ||
| 008 | 008 250505s9999 xx 000 0 eng d | ||
| 037 | _aTextual | ||
| 040 |
_aFEDL _beng _cFEDL |
||
| 041 |
_aeng _2eng |
||
| 084 |
_a373, IND _qFEDL |
||
| 245 | 0 | _aWork of the S.S.C. examination board: Annual report 55-56 | |
| 300 | _a138p. | ||
| 942 |
_cTEXL _h373, IND |
||
| 999 |
_c1360728 _d1360728 |
||